000 00682nam a22002297a 4500
005 20170124105924.0
010 _aA-409666
020 _c00.00
035 _aA-409666
037 _bCen Lib/Ret
040 _aDPL
_bEN
082 _a327.54
_bDUT
100 _aDutt, V. P.
_95622
245 _aIndia and the world /
_cby V. P. Dutt
260 _aNew Delhi
_bSanchar Publishing House
_c1990
270 _aH 18/4, Malviya Nagar
_bNew Delhi
_e110017
300 _axvii,132p.
_c20cm(Hb)
500 _aIncludes index
650 _aForeign policy
_zIndia
_972360
650 _aInternational relations-Government policy
_zIndia
_95624
942 _2ddc
_cEN
_h327.54
_mDUT
999 _c123363
_d123363